000
00260nam a22001217a 4500
008
170303b xxu||||| |||| 00| 0 eng d
041
_a
eng
080
_a
616.073
100
_a
6
101
_a
SHM
245
_a
RESPIRATORY DISEASE
_c
BURNS, S.B
942
_2
udc
_c
BK
999
_c
6671
_d
6671